The Stand (Level 1 Core Book 56)

Bibliographic Details
Main Author: Cary, Alice
Format: Book
Language:English
Published: Ohio : McGraw-Hill , c2002
Series:Open Court Reading
Subjects:

MARC

LEADER 00000cam a2200000 7i4500
001 0000107878
005 20140911.0
008 100526 eng
020 |a 0075694948 
090 0 0 |a PRE SER 
100 1 |a Cary, Alice 
245 1 4 |a The Stand (Level 1 Core Book 56)   |c Alice Cary 
260 |a Ohio :   |b McGraw-Hill ,   |c c2002 
300 |a 8p. :   |b ill.col. ;   |c 22cm. 
440 0 |a Open Court Reading 
650 0 0 |a Pre School   |x English 
999 |a 0000264915   |b Buku   |c Koleksi Pinjaman Kanak-Kanak   |e Perbadanan Perpustakaan Awam Melaka 
999 |a 0000264916   |b Buku   |c Koleksi Pinjaman Kanak-Kanak   |e Perpustakaan Cawangan Jasin 
999 |a 0000264917   |b Buku   |c Koleksi Pinjaman Kanak-Kanak   |e Perpustakaan Cawangan Masjid Tanah 
999 |a 0000264918   |b Buku   |c Koleksi Pinjaman Kanak-Kanak   |e Perpustakaan Cawangan Merlimau 
999 |a 0000264919   |b Buku   |c Koleksi Pinjaman Kanak-Kanak   |e Perbadanan Perpustakaan Awam Melaka